000 00650npc a2200205Ia 4500
001 db4-679 [d000000592]
003 IT-MiCISF
008 161014s9999||||xx | und||
040 _aIT-MiCISF
_cIT-MiCISF
041 _ait
100 _aSpinsanti Sandro
245 0 _aLa formazione del consenso con la famiglia: un orizzonte dell'etica clinica
_bEstratto da:" Il policlinico - sez. pratica", vol. 97, fasc. 4, 28 febbraio 1990
250 _a1a ed.
260 _a Roma
_bLuigi Pozzi
_c1990
300 _app. 142-148
500 _a / bioetica, malato, famiglia, cura /
650 _abioetica
942 _cDD
957 _71
999 _a679
_bsi
_g1
_c208400
_d208400